Fitzpatrick's color atlas and synopsis of clinical dermatology / (Record no. 9)

000 -LEADER
fixed length control field 01836cam a22004698i 4500
001 - CONTROL NUMBER
control field 953229650
003 - CONTROL NUMBER IDENTIFIER
control field OCoLC
005 - DATE AND TIME OF LATEST TRANSACTION
control field 20210408053506.0
008 - FIXED-LENGTH DATA ELEMENTS--GENERAL INFORMATION
fixed length control field 160701s2017 nyu 001 0 eng
010 ## - LIBRARY OF CONGRESS CONTROL NUMBER
LC control number 2016030888
016 7# - NATIONAL BIBLIOGRAPHIC AGENCY CONTROL NUMBER
Record control number 101686332
Source DNLM
020 ## - INTERNATIONAL STANDARD BOOK NUMBER
International Standard Book Number 9781259642197
Qualifying information (pbk. ;
-- alk. paper)
020 ## - INTERNATIONAL STANDARD BOOK NUMBER
International Standard Book Number 1259642194
Qualifying information (pbk. ;
-- alk. paper)
035 ## - SYSTEM CONTROL NUMBER
System control number (OCoLC)953229650
040 ## - CATALOGING SOURCE
Original cataloging agency DNLM/DLC
Language of cataloging eng
Description conventions rda
Transcribing agency DLC
Modifying agency NLM
-- YDX
-- OCLCQ
-- OCLCO
-- OCLCA
042 ## - AUTHENTICATION CODE
Authentication code pcc
049 ## - LOCAL HOLDINGS (OCLC)
Holding library YYEA
-- VZYM
080 ## - UNIVERSAL DECIMAL CLASSIFICATION NUMBER
Universal Decimal Classification number 616.5
Item number F-61
096 ## - LOCALLY ASSIGNED NLM-TYPE CALL NUMBER (OCLC)
Classification number WR 17 F5595 2017
245 00 - TITLE STATEMENT
Title Fitzpatrick's color atlas and synopsis of clinical dermatology /
Statement of responsibility, etc. Klaus Wolff, Richard A. Johnson, Arturo P. Saavedra, Ellen Roh.
246 3# - VARYING FORM OF TITLE
Title proper/short title Color atlas and synopsis of clinical dermatology.
250 ## - EDITION STATEMENT
Edition statement 8th ed.
260 ## - PUBLICATION, DISTRIBUTION, ETC.
Place of publication, distribution, etc. New York :
Name of publisher, distributor, etc. McGraw-Hill Education,
Date of publication, distribution, etc. [2017]
263 ## - PROJECTED PUBLICATION DATE
Projected publication date 1702.
300 ## - PHYSICAL DESCRIPTION
Extent xxi, 927 p. :
Other physical details ill. (color pictures) ;
Dimensions 23 cm.
365 ## - TRADE PRICE
Price amount 64.26 usd
500 ## - GENERAL NOTE
General note Includes index.
500 ## - GENERAL NOTE
General note EINSTEIN & MMC: available online via AccessMedicine. See Reference staff for assistance.
650 #2 - SUBJECT ADDED ENTRY--TOPICAL TERM
Topical term or geographic name entry element Skin Diseases
Form subdivision Atlases.
650 #0 - SUBJECT ADDED ENTRY--TOPICAL TERM
Topical term or geographic name entry element Dermatology
9 (RLIN) 75
653 ## - INDEX TERM--UNCONTROLLED
Uncontrolled term დერმატოლოგია
653 ## - INDEX TERM--UNCONTROLLED
Uncontrolled term კანის დაავადებები
655 #7 - INDEX TERM--GENRE/FORM
Genre/form data or focus term Electronic books.
700 1# - ADDED ENTRY--PERSONAL NAME
Personal name Wolff, Klaus,
Dates associated with a name 1935-
700 1# - ADDED ENTRY--PERSONAL NAME
Personal name Johnson, Richard Allen.
700 1# - ADDED ENTRY--PERSONAL NAME
Personal name Saavedra, Arturo P.
700 1# - ADDED ENTRY--PERSONAL NAME
Personal name Roh, Ellen.
710 2# - ADDED ENTRY--CORPORATE NAME
Corporate name or jurisdiction name as entry element AccessMedicine (Online Service)
856 40 - ELECTRONIC LOCATION AND ACCESS
Materials specified AccessMedicine
Uniform Resource Identifier <a href="https://elibrary.einsteinmed.org/login?url=https://accessmedicine.mhmedical.com/book.aspx?bookid=2043 ">https://elibrary.einsteinmed.org/login?url=https://accessmedicine.mhmedical.com/book.aspx?bookid=2043 </a>
Public note EINSTEIN: AccessMedicine ebook collection
856 41 - ELECTRONIC LOCATION AND ACCESS
Materials specified AccessMedicine
Uniform Resource Identifier <a href="https://accessmedicine.mhmedical.com/book.aspx?bookid=2043 ">https://accessmedicine.mhmedical.com/book.aspx?bookid=2043 </a>
Public note MMC: AccessMedicine ebook collection
942 ## - ADDED ENTRY ELEMENTS (KOHA)
Source of classification or shelving scheme
Koha item type Books
Edition 8
Holdings
Withdrawn status Lost status Source of classification or shelving scheme Damaged status Not for loan Permanent location Current location Date acquired Inventory number Full call number Barcode Date last seen Price effective from Koha item type
          Ken Walker International University Ken Walker International University 11/04/2020 27 616.5 F-61 27 11/04/2020 11/04/2020 Books
          Ken Walker International University Ken Walker International University 11/17/2020 936 616.5 F-61 936 11/17/2020 11/17/2020 Books

Powered by Koha